al-Ghināʼ al-ʻIrāqī. (Record no. 48331)

MARC details
000 -LEADER
fixed length control field 00565cam a22002051 4500
001 - CONTROL NUMBER
control field ne 65001774
003 - CONTROL NUMBER IDENTIFIER
control field DLC
005 - DATE AND TIME OF LATEST TRANSACTION
control field 20260227111816.0
008 - FIXED-LENGTH DATA ELEMENTS--GENERAL INFORMATION
fixed length control field 890523q xx ac 000 0 ara
010 ## - LIBRARY OF CONGRESS CONTROL NUMBER
LC control number ne 65001774
035 ## - SYSTEM CONTROL NUMBER
System control number (OCoLC)23510703
040 ## - CATALOGING SOURCE
Original cataloging agency DLC
Transcribing agency MiU
Modifying agency DLC
050 00 - LIBRARY OF CONGRESS CALL NUMBER
Classification number ML3758.I7
Item number W4
100 1# - MAIN ENTRY--PERSONAL NAME
Personal name Wardī, Ḥammūdī Ibrāhīm.
245 13 - TITLE STATEMENT
Title al-Ghināʼ al-ʻIrāqī.
260 ## - PUBLICATION, DISTRIBUTION, ETC.
Date of publication, distribution, etc. .1964-
300 ## - PHYSICAL DESCRIPTION
Extent 1 v.
Other physical details illus., ports.
Dimensions 24 cm.
650 #0 - SUBJECT ADDED ENTRY--TOPICAL TERM
Topical term or geographic name entry element Folk songs
Geographic subdivision Iraq
General subdivision History and criticism.
650 #0 - SUBJECT ADDED ENTRY--TOPICAL TERM
Topical term or geographic name entry element Songs
Geographic subdivision Iraq
General subdivision History and criticism.

No items available.

Powered by Koha